العقد الفريد لابن عبد ربه الأندلسي / (Record no. 14218)
[ view plain ]
| 000 -الفاتح | |
|---|---|
| حقل البيانات ثابتة الطول | 01306cam a22002777a 4500 |
| 003 - محدد رقم الضبط | |
| رقم الضبط | EG-ScBUE |
| 005 - وقت وتاريخ اخر تعامل مع التسجيلة | |
| رقم الضبط | 20200122104126.0 |
| 008 - عناصر البيانات ثابتة الطول - معلومات عامة | |
| حقل البيانات ثابتة الطول | 100624n ua f 000 m ara d |
| 040 ## - مصدر الفهرسة | |
| وكالة الفهرسة الأصلية | EG-ScBUE |
| لغة الفهرسة | ara |
| قواعد الوصف | rda |
| وكالة النسخ | EG-ScBUE |
| وكالة التعديل | EG-ScBUE |
| 082 04 - رقم تصنيف ديوى العشرى | |
| رقم التصنيف | 892.708 |
| رقم المادة | س ع د |
| رقم الطبعة | 22 |
| 100 1# - المدخل الرئيسى - إسم شخصى | |
| الإسم الشخصى | أبو سعدة، إبراهيم، |
| الدور | مؤلف. |
| 9 (RLIN) | 15225 |
| 245 12 - بيان العنوان | |
| العنوان | العقد الفريد لابن عبد ربه الأندلسي / |
| بيان المسئوليه,etc | اختيار إبراهيم أبو سعدة ؛ مراجعة الدكتور لطفي عبد البديع. |
| 264 #1 - النشر، التوزيع | |
| مكان الناشر او الموزع | [القاهرة] : |
| اسم الناشر او الموزع | وزارة الثقافة والإرشاد القومي : |
| -- | المؤسسة المصرية العامة للتأليف والترجمة والطباعة والنشر، |
| تاريخ النشر أو التوزيع | [تاريخ النشر غير محدد] |
| 300 ## - الوصف المادى | |
| التعداد | 514 صفحة ؛ |
| أبعاد الوعاء | 24 سم. |
| 336 ## - نوع المحتوى | |
| source | rdacontent |
| Carrier Type Term | نص |
| Content Type Code | txt |
| 337 ## - نوع الوسيط | |
| source | rdamedia |
| Media Type Term | بدون وسيط |
| Media Type Code | n |
| 338 ## - نوع الحامل أو الناقل | |
| source | rdacarrier |
| Carrier Type Term | مجلد |
| Carrier Type Code | nc |
| 490 0# - بيان السلسلة | |
| عنوان السلسلة | مختارات من تراثنا |
| 590 ## - تبصرة محلية(RLIN) | |
| تبصرة محلية | Asmaa mohamed |
| 600 17 - المدخل الاضافى بالموضوع-اسم شخصى | |
| الإسم الشخصى | ابن عبد ربه، أحمد بن محمد، |
| التواريخ المصاحبة للاسم | 246-328 هـ. |
| 650 #7 - المدخل الاضافى بالموضوع-مصطلح موضوعى | |
| مصطلح موضوعي أو اسم جغرافي كعنصر مدخل | الأدب العربي |
| التقسيم الفرعي الشكلي | مجموعات. |
| مصدر الرأس أو المصطلح | BUEsh |
| 9 (RLIN) | 13570 |
| 653 ## - مصطلح تكشيفى غير مقيد | |
| Resource For college | Arabic Literature |
| Arrived date list | January2020 |
| 655 ## - مصطلح تكشيفى-نوع/شكل | |
| التقسيم الفرعي الشكلي | Reading book |
| 700 1# - المدخل الاضافى - اسم شخصى | |
| الإسم الشخصى | عبد البديع، لطفي، |
| الدور | مراجع. |
| 9 (RLIN) | 15227 |
| 942 ## - عناصر المدخل الإضافي( كوها) | |
| مصدر التصنيف او مخطط الترفيف | Dewey Decimal Classification |
| Koha [default] item type | Book - Borrowing |
| حالة التراجع | حالة الفقد | مصدر التصنيف او خطة الترفيف | حالة تلف | ليس للاعارة | مجموعات كوها | المكان الدائم | المكان الحالي | موقع الترفيف | تاريخ الاكتساب | Source of acquisition | رقم الاستدعاء | الباركود | Date last seen | مُعار | نوع الوعاء |
|---|---|---|---|---|---|---|---|---|---|---|---|---|---|---|---|
| Dewey Decimal Classification | Alef-Baa | Central Library | Central Library | Second Floor | 24/06/2010 | Purchase | 892.708 س ع د | 000021099 | 15/07/2025 | 04/05/2016 | Book - Borrowing |